| Tag |
First Indicator |
Second Indicator |
Subfields |
| LEADER |
00000cam a22000008i 4500 |
| 001 |
in00004164534 |
| 008 |
190624s2020 nyu 000 1 eng |
| 005 |
20250318222516.2 |
| 010 |
|
|
|a 2019025639
|
| 019 |
|
|
|a 1104326377
|
| 020 |
|
|
|a 9781501191633
|
| 020 |
|
|
|a 1501191632
|
| 020 |
|
|
|z 9781501191640
|q (ebook)
|
| 035 |
|
|
|a (OCoLC)on1104410806
|
| 035 |
|
|
|a (OCoLC)1104410806
|z (OCoLC)1104326377
|
| 040 |
|
|
|a DLC
|b eng
|e rda
|c DLC
|d BDX
|d W5F
|d OCLCO
|d IUO
|d TVP
|d ILC
|d IEP
|d OCLCO
|
| 042 |
|
|
|a pcc
|
| 050 |
0 |
0 |
|a PS3612.A9597
|b M37 2020
|
| 082 |
0 |
0 |
|a 813/.6
|2 23
|
| 100 |
1 |
|
|a Layne, Lauren,
|e author.
|
| 245 |
1 |
0 |
|a Marriage on Madison Avenue /
|c Lauren Layne.
|
| 250 |
|
|
|a First Gallery Books trade paperback edition.
|
| 263 |
|
|
|a 2001
|
| 264 |
|
1 |
|a New York :
|b Gallery Books,
|c 2020.
|
| 264 |
|
4 |
|c ©2020
|
| 300 |
|
|
|a 274 pages ;
|c 21 cm.
|
| 336 |
|
|
|a text
|b txt
|2 rdacontent
|
| 337 |
|
|
|a unmediated
|b n
|2 rdamedia
|
| 338 |
|
|
|a volume
|b nc
|2 rdacarrier
|
| 490 |
1 |
|
|a The Central Park pact series;
|v book 3
|
| 500 |
|
|
|a Sequel to: Love on Lexington Avenue.
|
| 520 |
|
|
|a "Can guys and girls ever be just friends? According to Audrey Tate and Clarke West, absolutely. After all, they've been best friends since childhood without a single romantic entanglement. Clarke is the charming playboy Audrey can always count on, and he knows that the ever-loyal Audrey will never not play along with his strategy for dodging his matchmaking mother-announcing he's already engaged...to Audrey. But what starts out as a playful game between two best friends turns into something infinitely more complicated, as just-for-show kisses begin to stir up forbidden feelings. As the faux wedding date looms closer, Audrey and Clarke realize that they can never go back to the way things were, but deep down, do they really want to?"--
|c Provided by publisher.
|
| 650 |
|
0 |
|a Man-woman relationships
|v Fiction.
|
| 650 |
|
0 |
|a Best friends
|v Fiction.
|
| 650 |
|
0 |
|a Deception
|v Fiction.
|
| 650 |
|
0 |
|a Romance fiction.
|
| 651 |
|
0 |
|a New York (N.Y.)
|v Fiction.
|
| 650 |
|
7 |
|a FICTION / Friendship.
|2 bisacsh
|
| 650 |
|
7 |
|a FICTION / Romance / Romantic Comedy.
|2 bisacsh
|
| 650 |
|
7 |
|a FICTION / Women.
|2 bisacsh
|
| 655 |
|
0 |
|a Chick lit.
|
| 655 |
|
7 |
|a Love stories.
|2 gsafd
|
| 776 |
0 |
8 |
|i Online version:
|a Layne, Lauren,
|t Marriage on madison avenue
|d New York City : Gallery Books, 2020.
|z 9781501191640
|w (DLC) 2019025640
|
| 800 |
1 |
|
|a Layne, Lauren.
|t Central Park Pact series ;
|v 3.
|
| 852 |
8 |
|
|b pda,print
|z This title is available for the library to purchase for your use. Click the "Purchase It For Me" button to place a request. This item may take 5-10 business days to arrive.
|
| 955 |
|
|
|a Print PDA title
|
| 961 |
|
|
|m 565730
|
| 999 |
f |
f |
|s 96653dc5-b61f-4865-bcb3-01ba2fa29801
|i cbfe35fe-3d80-3a00-ac4a-fa997d15fb5a
|t 0
|
| 952 |
f |
f |
|a Texas A&M University
|b College Station
|c Sterling C. Evans Library
|d Purchase on Demand
|t 0
|e PS3612.A9597 M37 2020
|h Library of Congress classification
|
| 998 |
f |
f |
|a PS3612.A9597 M37 2020
|t 0
|l Purchase on Demand
|